| 000 | 00342nam a22001337a 4500 | ||
|---|---|---|---|
| 020 | _qPB. | ||
| 040 | _cFIZZA ISHAQ | ||
| 082 |
_a720.222 _bPET |
||
| 100 |
_aDROEGE, PETER. _990482 |
||
| 245 |
_aCLIMATE DESIGN AND PLANNING FOR THE AGE OF CLIMATE / _cPETER DROEGE. |
||
| 260 |
_bORO EDITIONS, _c2010. |
||
| 300 | _a280 P. ; | ||
| 942 |
_2ddc _cBK |
||
| 999 |
_c588681 _d588681 |
||